Mezinárodní právo veřejné

Gespeichert in:
Bibliographische Detailangaben
1. Verfasser: Čepelka, Čestmír
Weitere Verfasser: Šturma, Pavel
Format: Buch
Sprache:Tschechisch
Veröffentlicht: Praha EUROLEX BOHEMIA 2003
Schlagworte:
Tags: Tag hinzufügen
Keine Tags, Fügen Sie das erste Tag hinzu!

MARC

LEADER 00000nam$a2200000$$$4500
001 0005117
005 20221207102713.1
020 |a 80-86432-57-2 
041 0 |a cze 
044 |a CZ 
245 1 0 |a Mezinárodní právo veřejné  |c Čestmír Čepelka, Pavel Šturma 
264 1 |a Praha  |b EUROLEX BOHEMIA  |c 2003 
300 |a 761 s. 
610 2 0 |a právo verejné medzinárodné 
610 2 0 |a spoločnosť 
610 2 0 |a normy medzinárodné 
610 2 0 |a obyvateľstvo 
610 2 0 |a orgány štátne 
610 2 0 |a organizácie 
610 2 0 |a konanie zmierovacie 
610 2 0 |a spory súdne 
610 2 0 |a bezpečnosť európska 
610 2 0 |a konflikty medzinárodné 
100 1 |a Čepelka, Čestmír 
700 1 |a Šturma, Pavel